00666nam a22001817a 450000500170000001000150001702000260003203500140005803700130007208200110008510000210009624501130011725000230023026000420025327001410029530000210043650000270045720190716162233.0 aENG-125957 a9789353434885c775.00 aEN-109489 bDBAD/PUB a658.15 aTitman, Sheridan aFinancial management:cby Sheridan Titman, Arthur J.Keown [and] John D. Martinbpriniples and applications / aThirteenth edition aNoida bPearson India Educationc2019 a15th Floor, Tower-B, World Trade Tower, Plot No.I, Block-C, Sector 16bNoida, Uttar Pradesh e201301mcompanysecretary.india@pearson.com a718p.c28cm(pbk) aIncludes subject index